| 000 | 00572nam a2200205 a 4500 | ||
|---|---|---|---|
| 001 | BRCA_4138 | ||
| 005 | 20190320204546.0 | ||
| 008 | 150410s1910----mx-#######---#000-0#spa-# | ||
| 041 | _aspa | ||
| 044 | _amx | ||
| 050 | 4 |
_aF1232 _b.P75 1910 |
|
| 245 | 1 | 0 | _aPrimer centenario de la independencia de México. |
| 260 |
_aMéxico _bSecretaría de Relaciones Exteriores _c1910 |
||
| 300 |
_a1 v. (sin paginación) _c22 cm. |
||
| 500 | _aC167 | ||
| 650 | 1 | 4 |
_aQuince de Septiembre _xCelebraciones _910682 |
| 651 | 4 |
_aMéxico _xHistoria _9614 |
|
| 902 | _aGFM | ||
| 942 |
_2lcc _cB |
||
| 999 |
_c3854 _d3854 |
||